Normal view MARC view

Entry Nombre personal

Number of records used in: 4

001 - NÚMERO DE CONTROL

  • campo de control: 171727

003 - IDENTIFICADOR DE NÚMERO DE CONTROL

  • campo de control: OSt

005 - FECHA Y HORA DE LA ÚLTIMA TRANSACCIÓN

  • campo de control: 20251002195932.0

008 - ELEMENTOS DE DATO DE LONGITUD-FIJA

  • campo de control de longitud fija: 210515 n adnnnaa|n a aaa d

040 ## - FUENTE DE CATALOGACIÓN

  • Centro catalogador/agencia de origen: OSt
  • Centro/agencia transcriptor: OSt

100 1# - ENCABEZAMIENTO-NOMBRE DE PERSONA

  • Nombre de persona: Rincón, Luciano,
  • Fechas asociadas al nombre: 1933-1993

400 1# - TRAZADO DE VÉASE--NOMBRE DE PERSONA

  • Nombre de persona: Rincón, Luciano F. (
  • Fechas asociadas al nombre: 1933-1993)

400 1# - TRAZADO DE VÉASE--NOMBRE DE PERSONA

  • Nombre de persona: Rincón Vega, Luciano (
  • Fechas asociadas al nombre: 1933-1993)

500 1# - TRAZADO DE VÉASE ADEMÁS--NOMBRE DE PERSONA

  • Nombre de persona: Ramírez, Luis (
  • Fechas asociadas al nombre: 1933-1993)

500 1# - TRAZADO DE VÉASE ADEMÁS--NOMBRE DE PERSONA

  • Nombre de persona: Suárez, Ángel (
  • Fechas asociadas al nombre: 1933-1993)

663 ## - REFERENCIA COMPLEJA DE VÉASE ADEMÁS--NOMBRE

  • Texto explicativo: Para obras de este autor escritas bajo seudónimo, véase además:
  • Encabezamiento referido a: Ramírez, Luis (1933-1993); Suárez, Ángel (1933-1993)

670 ## - FUENTE DE DATOS ENCONTRADOS

  • Cita de la fuente: Luciano Rincón Vega usó los seudónimos de Luis Ramírez, Raúl Martín, Anchón Achalandabaso y Ángel Suárez, entre otros